000 00882nam a2200253Ia 4500
003 OSt
005 20220923211218.0
006 a|||||r|||| 00| 0
007 ta
008 220922b |||||||| |||| 00| 0 hin d
020 _a9788126715893 (hbk)
_c395
024 _a245,349
037 _b388, 11/02/2011, Swaraj Prakashan
_cTextual
040 _aARTS
_cARTS
_bhin
041 _2hin
_ahin
082 _aNT44, 152P8
100 _aमहेश आनन्द, संपा.
_9156315
245 0 _aरंगमंच के सिद्धान्त
246 _aRangahincha ke siddhānta
260 _aनयी दिल्ली
_b राजकमल प्रकाशन
_c2008
300 _a311पृ.
_ccm.
942 _hNT44, 152P8
_cTEXL
_2CC
999 _c296996
_d296996